Štúdium vlastností návarov typu Vautid odolných proti abrazii : Diplomová práca

Salvato in:
Dettagli Bibliografici
Autore principale: Čarnecký, Miroslav (Autore)
Altri autori: Zajíc, Tibor (xxx)
Natura: Manoscritto Libro
Lingua:slovacco
Pubblicazione: Trnava : STU v Bratislave MtF KZv, 2004
Soggetti:
Tags: Aggiungi Tag
Nessun Tag, puoi essere il primo ad aggiungerne!!

MARC

LEADER 00000ntm a22000003a 4500
001 stu89008
005 20160719154655.8
008 040716s2004----xo------------------slo-d
040 |a STU  |b slo 
041 0 |a slo 
044 |a xo 
100 1 |a Čarnecký, Miroslav  |4 aut 
245 1 |a Štúdium vlastností návarov typu Vautid odolných proti abrazii :  |b Diplomová práca 
260 |a Trnava :  |b STU v Bratislave MtF KZv,  |c 2004 
300 |a 89 s  |c CD 
650 7 |a technológie strojárskej výroby  |2 stusub 
650 7 |a zváranie  |2 stusub 
700 1 |a Zajíc, Tibor  |4 xxx 
996 |b 284M059849  |c M*DP-5111  |l MMSKP  |s P  |a 0  |w stu89008_0001